000 00249 a2200097 4500
005 20260413125030.0
020 _a9781529052480
100 _aBond Michael
245 _aFans : a journe into the psychology of belonging
260 _bPicador : London
_c2023
999 _c216583
_d216583